000
00303nam a22001337a 4500
008
170727b xxu||||| |||| 00| 0 eng d
020
_a
9780132447492
041
_a
eng
080
_a
004
100
_a
31
101
_a
SHK
245
_a
COMPUTER FORENSICS AND CYBER CRIME
_c
BRITZ,M.T
942
_2
udc
_c
BK
999
_c
21980
_d
21980